China at 60 global-local interactions /

Bibliographic Details
Corporate Author: ProQuest (Firm)
Other Authors: Chan, Lai-Ha., Chan, Gerald., Kwan, Fung.
Format: Electronic eBook
Language:English
Published: Hackensack, N.J. : World Scientific, c2011.
Subjects:
Online Access:Click to View
LEADER 01566nam a2200433 a 4500
001 EBC840582
003 MiAaPQ
005 20200520144314.0
006 m o d |
007 cr cn|||||||||
008 110131s2011 njua sb 001 0 eng d
010 |z  2011004103 
020 |z 9789814299299 (hbk.) 
020 |z 9814299294 (hbk.) 
020 |a 9789814299305 (electronic bk.) 
035 |a (MiAaPQ)EBC840582 
035 |a (Au-PeEL)EBL840582 
035 |a (CaPaEBR)ebr10493521 
035 |a (CaONFJC)MIL323466 
035 |a (OCoLC)748215447 
040 |a MiAaPQ  |c MiAaPQ  |d MiAaPQ 
043 |a a-cc--- 
050 4 |a HC427.95  |b .C4368 2011 
082 0 4 |a 320.951  |2 22 
245 0 0 |a China at 60  |h [electronic resource] :  |b global-local interactions /  |c editors Chan Lai-Ha, Gerald Chan, Kwan Fung. 
260 |a Hackensack, N.J. :  |b World Scientific,  |c c2011. 
300 |a xxiv, 325 p. :  |b ill. 
504 |a Includes bibliographical references and index. 
533 |a Electronic reproduction. Ann Arbor, MI : ProQuest, 2015. Available via World Wide Web. Access may be limited to ProQuest affiliated libraries. 
651 0 |a China  |x Economic conditions  |y 1949- 
651 0 |a China  |x Politics and government  |y 1949- 
651 0 |a China  |x Social conditions  |y 1949- 
651 0 |a China  |x Foreign relations  |y 1949- 
655 4 |a Electronic books. 
700 1 |a Chan, Lai-Ha. 
700 1 |a Chan, Gerald. 
700 1 |a Kwan, Fung. 
710 2 |a ProQuest (Firm) 
856 4 0 |u https://ebookcentral.proquest.com/lib/matrademy/detail.action?docID=840582  |z Click to View